Norwich City Squad 2020–21 By Picture - Statistics

General Stats
  • This quiz has been taken 12 times
  • The average score is 23 of 27
Answer Stats
Picture Answer % Correct
Adam Idah
100%
Daniel Farke
100%
Emi Buendía
100%
Grant Hanley
100%
Max Aarons
100%
Onel Hernández
100%
Teemu Pukki
100%
Tim Krul
100%
Todd Cantwell
100%
Alexander Tettey
91%
Ben Gibson
91%
Jordan Hugill
91%
Kenny McLean
91%
Marco Stiepermann
91%
Mario Vrančić
91%
Przemysław Płacheta
91%
Christoph Zimmermann
82%
Dimitris Giannoulis
82%
Jacob Sørensen
82%
Kieran Dowell
82%
Andrew Omobamidele
73%
Lukas Rupp
73%
Michael McGovern
73%
Oliver Skipp
73%
Bali Mumba
55%
Xavi Quintillà
45%
Josh Martin
36%
No matching quizzes found
Score Distribution
Percent of People with Each Score
Percentile by Number Answered
Your Score History
You have not taken this quiz